Don Quijote de La Mancha / (Record no. 16648)

MARC details
000 -CABECERA
campo de control de longitud fija 00811nam a2200205 a 4500
005 - FECHA Y HORA DE LA ÚLTIMA TRANSACCIÓN
campo de control 20240803063735.0
008 - ELEMENTOS DE LONGITUD FIJA--INFORMACIÓN GENERAL
campo de control de longitud fija 991125s1968 bar 000 0 spa u
035 ## - NÚMERO DE CONTROL DEL SISTEMA
Número de control de sistema UPN01000016648
049 ## - COLECCIÓN
Colección CG
050 #4 - SIGNATURA TOPOGRÁFICA DE LA BIBLIOTECA DEL CONGRESO
Número de clasificación PQ6323 A15
Número de documento/Ítem S4 1968
100 1# - ASIENTO PRINCIPAL--NOMBRE PERSONAL
Nombre de persona Cervantes Saavedra, Miguel de,
Fechas asociadas al nombre 1547-1616
245 10 - MENCIÓN DE TÍTULO
Título Don Quijote de La Mancha /
Mención de responsabilidad, etc. Miguel de Cervantes Saavedra
260 ## - PUBLICACIÓN, DISTRIBUCIÓN, ETC.
Lugar de publicación, distribución, etc. Barcelona (Esp.) :
Nombre del editor, distribuidor, etc. Seix Barral,
Fecha de publicación, distribución, etc. 1968
300 ## - DESCRIPCIÓN FÍSICA
Extensión 2 v
440 #0 - MENCIÓN DE SERIE/ASIENTO SECUNDARIO--TÍTULO
Título Biblioteca breve de bolsillo. Libros de enlace;
Designación de volumen o secuencia 11, 12
500 ## - NOTA GENERAL
Nota general "Esta edición reproduce el texto de las primeras, de Madrid 1605 para el Ingenioso Hidalgo Don Quijote de la Mancha yde Madrid 1615 para la Segunda parte del Ingenioso Caballero Don Quijote de la Mancha"
650 #4 - ASIENTO SECUNDARIO DE MATERIA - TERMINO TEMATICO
Término de materia o nombre geográfico como elemento de entrada Novela española
9 (RLIN) 10814
904 ## - ELEMENTOS DE DATOS D LOCAL, LDD (RLIN)
a AC
b 016649
905 ## - TIPO DE MATERIAL
Tipo de material Libro
Holdings
Estado de retiro Estado de pérdida Fuente del sistema de clasificación o colocación Estado dañado No para préstamo Código de colección Localización permanente Ubicación/localización actual Ubicación en estantería Enumeración/cronología de publicación seriada Total de préstamos Clasificación Código de barras Fecha visto por última vez Número de copia Tipo de ítem Koha
    Library of Congress Classification     Colección General Bib. Gregorio Torres Quintero Bib. Gregorio Torres Quintero Planta baja v.1 - 29 PQ6323 A15 S4 1968 6598 31/12/2020 1 Libro
    Library of Congress Classification     Colección General Bib. Gregorio Torres Quintero Bib. Gregorio Torres Quintero Planta baja v.2 -   PQ6323 A15 S4 1968 149685 31/12/2020 1 Libro